Her unfearing mind: (Record no. 220)
[ view plain ]
| 000 -LEADER | |
|---|---|
| fixed length control field | 005720000a22001930004500 |
| 005 - DATE AND TIME OF LATEST TRANSACTION | |
| control field | 20231127121953.0 |
| 008 - FIXED-LENGTH DATA ELEMENTS--GENERAL INFORMATION | |
| fixed length control field | 230817t2001 ||||| |||| 00| 0 eng d |
| 020 ## - ISBN | |
| ISBN | 984311289X |
| 082 ## - DEWEY DECIMAL CLASSIFICATION NUMBER | |
| Classification number | 346.015 |
| Item number | KAM |
| 942 ## - ADDED ENTRY ELEMENTS (KOHA) | |
| Item Type | Books |
| 100 ## - MAIN ENTRY--PERSONAL NAME | |
| Personal Name | Kamal, Sultana |
| 700 ## - ADDED ENTRY--PERSONAL NAME | |
| Personal name | Amin, Aasha Mehreen |
| Relator Term | editor |
| 700 ## - ADDED ENTRY--PERSONAL NAME | |
| Personal name | Pereira, Faustina |
| Relator Term | translator |
| 245 ## - TITLE STATEMENT | |
| Title | Her unfearing mind: |
| Sub Title | Women and Muslim Laws in Bangadesh |
| 260 ## - PUBLICATION, DISTRIBUTION, ETC. (IMPRINT) | |
| Place of Publication | Bangladesh: |
| Name of Publisher | Ain o Salish Kendro, |
| Date of Copyright | 2001 |
| 300 ## - PHYSICAL DESCRIPTION | |
| Extent | 158 p. |
| Physical Details | Glossary included |
| 650 ## - SUBJECT ADDED ENTRY--TOPICAL TERM | |
| Topical Term | WOMEN LAW-Muslim world |
| 650 ## - SUBJECT ADDED ENTRY--TOPICAL TERM | |
| Topical Term | Family laws-Bangladesh |
| Withdrawn status | Lost status | Damaged status | Not for loan | Permanent location | Current location | Date acquired | Total Checkouts | Full call number | Barcode | Date last seen | Price effective from | Koha item type |
|---|---|---|---|---|---|---|---|---|---|---|---|---|
| Resource center, Muslim Women's Research And Action Forum | Resource center, Muslim Women's Research And Action Forum | 2023-08-17 | 346.015 KAM | RAF26 | 2023-08-17 | 2023-08-17 | Reports | |||||
| Resource center, Muslim Women's Research And Action Forum | Resource center, Muslim Women's Research And Action Forum | 2023-08-19 | 346.015 KAM | RAF33 | 2023-08-19 | 2023-08-19 | Reports | |||||
| Resource center, Muslim Women's Research And Action Forum | Resource center, Muslim Women's Research And Action Forum | 2023-08-19 | 346.015 KAM | RAF34 | 2023-08-19 | 2023-08-19 | Reports |

